000 00676nam a22002177a 4500
999 _c15094
_d15094
003 AR-CdUCM
008 190425b ||||| |||| 00| 0 spa d
020 _a968-16-7387-5
040 _aMUNICIPALIDAD PROVINCIAL DEL CUSCO
_cBIBLIOTECA MUNICIPAL DEL CUSCO
041 _heng
082 _aPI / 808.06 /
_bM79
100 _aMori, Tuyosi
_934117
245 _aSócrates y los tres cochinito /
260 _aMéxico :
_bFondo de cultura económica,
_c2005
300 _a44 páginas ;
_bIlustraciones,
_c25 cm.
650 _aFilosofía para niños /
_934118
650 _aLos cochinitos
_934119
650 _aInfancia
_95236
942 _2ddc
_cLIBROS
945 _adavv
_d25/04/2019